000 00475nam a22001817a 4500
003 OSt
005 20151203143655.0
008 151203b xxu||||| |||| 00| 0 eng d
020 _a0792346580
040 _cDDC.
082 _a374 ADU1997.
100 _aHaddd,Sergio;
_96478
245 _aAdult Education.
_bThe Legislative and Policy Environment.
300 _a186p;
_bill;
_c23cm
504 _aincludes references.
650 _aAdult Education.
_96475
942 _2ddc
_cSLOAN
999 _c2806
_d2806